Statistics for Top 10 Best Electronic Brands in the World

Click here to take the quiz!

General Stats

  • This quiz has been taken 60 times
  • The average score is 5 of 10

Answer Stats

RankAnswer% Correct
3Samsung
93%
2Apple
87%
1Sony
81%
9Phillips
52%
6LG
50%
5Panasonic
46%
4Microsoft
44%
8Nokia
37%
7Toshiba
28%
10Nintendo
19%

Score Distribution

Percentile by Number Answered

Percent of People with Each Score

Your Score History

You have not taken this quiz